000
00301nam a2200121Ia 4500
003
GCL
008
140319s9999 xx 000 0 eng d
040
_a
GCL /
_c
GCL
082
0
4
_a
440
_b
C L
245
1
0
_a
LA LANGUE FRANCAISE ET LES EGYPTIEN
260
_a
[S.N] :
_b
JEAN-BAPTISTE ،
_c
1992
300
_a
566 P
999
_c
19708
_d
19708